Vista normal
Vista MARC
Entrada Personal Name
Número de registros utilizados en: 1
001 - CONTROL NUMBER
- control field: 14056
003 - CONTROL NUMBER IDENTIFIER
- control field: OSt
005 - DATE AND TIME OF LATEST TRANSACTION
- control field: 20210228143349.0
008 - FIXED-LENGTH DATA ELEMENTS
- fixed length control field: 210228|| aca||aabn | a|a d
040 ## - CATALOGING SOURCE
- Original cataloging agency: OSt
- Transcribing agency: OSt
100 ## - HEADING--PERSONAL NAME
- Personal name: García Burló, Sara
670 ## - SOURCE DATA FOUND
- Source citation: Work cat.: (OSt): García Burló, Sara, autor, Leo cambio de planes : , 2016